000 00524nam a2200109Ia 4500
003 GCL
008 140319s9999 xx 000 0 ara d
040 _aGCL /
_cGCL
082 0 4 _aىp t t t t t t t t t
245 1 0 _at t t t t t t t t t t t t t t t t t t tاtلtأtرtبtعtاtءt,t t8t tيtوtلtيtهt t1t9t9t8t t t t t t tنqظqـqاqمq qمqعqلqوqمqـqاqتq qاqلqمqكqتqبqـqةq t t t t t t t t t t t t t t t t t t t t t1t0t:t1t2t:t1t3t t t t t t t t t t t t t t t t t t t t t t t t t t t t
300 _at t t t t t t
999 _c25928
_d25928